| 000 | 01602nam a2200205Ia 4500 | ||
|---|---|---|---|
| 008 | 220216s9999 xx 000 0 und d | ||
| 100 | _aAlkadasi Nabil A N | ||
| 245 | 0 | _aComparative studies on the effect of silane coupling agent on the mechanical properties of talc-filled styrene butadiene rubber and natural rubber | |
| 260 |
_bJournal of Rubber Research _c2005 |
||
| 300 | _a67-78 | ||
| 520 | _aCoupling agent is often used in order to improve adhesion between the polymer binder and inorganic substrate. The use of such agents generally results in an improvement in properties. Most of the previous work involving the study of coupling agents on inorganic surfaces has been conducted with silanes on styrene butadiene rubber and natural rubber as comparative studies. The talc was treated with a silane coupling agent (Si-69). The treatment resulted in enhancement of mechanical properties of composites of the said rubbers. In this study, properties of composites filled with treated and untreated talc (separately) are compared. The properties under consideration were tensile strength, modulus at 100;and 400;, Youngs modulus, hardness, etc. Tensile strength improved by 92;and 204;, while modulus at 400;improved by 500;, 378;and elongation at break improved by 233;. Similarly Youngs modulus improved by 34;and 214;for untreated and treated styrene butadiene and natural rubber. | ||
| 650 | _aComposites | ||
| 650 | _aCoupling agent | ||
| 650 | _aMechanical properties | ||
| 650 | _aNR | ||
| 650 | _aSilane | ||
| 650 | _aStyrene butadiene rubber | ||
| 650 | _aTalc | ||
| 942 | _cJS | ||
| 999 |
_c55953 _d55953 |
||